[Event "Petrov Memorial op"]
[Site "St Petersburg"]
[Date "2000.02.14"]
[Round "7"]
[White "Grishin, Eduard"]
[Black "Tolstikh, Nikolay"]
[Result "0-1"]
[WhiteElo "2309"]
[BlackElo "2419"]
[Annotator "Tsesarsky,I"]
[PlyCount "64"]
[EventDate "2000.02.05"]
[EventType "swiss"]
[EventRounds "9"]
[EventCountry "RUS"]
[SourceTitle "CBM 076"]
[Source "ChessBase"]
[SourceDate "2000.05.31"]
[SourceVersion "1"]
[SourceVersionDate "2000.05.31"]
[SourceQuality "1"]

{[%mdl 24576]} 1. d4 d5 2. c4 e6 3. Nf3 c6 4. e3 Bd6 5. Bd3 f5 6. Nc3 Nf6 7.
O-O O-O 8. Qc2 (8. Ne5 Nbd7 9. f4 (9. Nxd7 Bxd7 10. f3 Qe7 11. Qb3 b6 12. Bd2
Rae8 13. Rae1 $14) 9... Ne4 (9... Bxe5 10. fxe5 Ne4 11. c5 Rf7 12. Ne2 $14 {
1/2-1/2 Schmitt,R-Kissel,H/RLPFchS Hauenstein ,GER 1991 (31)}) 10. Bd2 (10.
Nxd7 Nxc3 11. bxc3 Bxd7 12. Qb3 Rb8 13. Ba3 $14 {1/2-1/2 Schmeidler,M-Hutter,O/
Vorra GER ch-BAY H2 1990 (54)}) (10. Nxe4 fxe4 11. Be2 Nxe5 12. fxe5 Rxf1+ (
12... Be7 13. Bd2 Bd7 14. b4 Bg5 $11 {1/2-1/2 Shurygin,S-Moroz,A/Decin op 1996
(69)}) 13. Qxf1 Be7 14. Bd2 Bd7 15. Bg4 Qb6 $11 {1/2-1/2 Schwarz-Rausch/9.
Wuerzburger op Br.9 1993 (58)}) (10. c5 Bxe5 11. fxe5 b6 12. Qa4 Bb7 13. Qb3
Qc8 14. cxb6 axb6 15. Nxe4 fxe4 16. Rxf8+ Qxf8 17. Be2 c5 18. Bb5 Ba6 $15 {
0-1 Dredge,K-Booth,C/Spr95-Final 1996 (54)}) 10... Ndf6 11. Be1 Bd7 12. Qb3 Rb8
13. Nxe4 dxe4 14. Be2 $14 {0-1 Swiderski,R-Salwe,G/Nuremberg 1906 (57)}) (8. b3
Ne4 (8... b6 9. Bb2 Ne4 10. Ne5 Bb7 11. Ne2 Nd7 12. Rc1 Rc8 13. f3 Nef6 14. Nf4
$14 {1-0 Murdzia,P-Henriksson,C/EU-chJ Sas van Ghent 1992 (56)}) 9. Bb2 (9. Ne2
b6 (9... Nd7 10. a4 b6 (10... Qe7 $132) 11. Ba3 Bxa3 12. Rxa3 a5 13. Ra2 $14 {
1-0 Ilincic,Z-Kiroski,T/c 1995 (34)}) 10. Bb2 Bb7 11. Rc1 a5 12. Ne5 Qe7 13. f3
Nf6 14. Nc3 Nfd7 15. f4 $14 (15. Na4 Nxe5 16. dxe5 Bc7 $132 {1-0 Skomorokhin,
R-Guliev,S/Ostrava ,EXT 1992 (54)})) 9... Bd7 (9... Nd7 10. Qe2 (10. Nd2 Qh4 (
10... Qc7 11. g3 Rf6 12. Ne2 Rh6 13. Kg2 Rg6 14. Nf3 $14 {0-1 Eigler,F-Tipary,
L/HUN-ch 1951 (63)}) 11. g3 Qh6 12. Qe2 Ndf6 13. f4 g5 14. Ncxe4 fxe4 15. Bc2
Bd7 $132 {0-1 Raclauskiene,E-Lauberte,M/Buenos Aires olm fem 1939 (32)}) (10.
Ne2 Qf6 11. Ne1 (11. Rc1 g5 12. Rc2 g4 13. Bxe4 fxe4 14. Ne1 Bxh2+ 15. Kxh2 g3+
16. Nxg3 (16. Kxg3 $2 Qg5+ 17. Kh2 Nf6 $132 {0-1 Skomorokhin,R-Purgin,N/RUS-sf
Yaroslavl 1995 (40)}) 16... Qh4+ 17. Kg1 Nf6 18. Nf3 exf3 19. gxf3 $16) (11.
Nf4 g5 12. Nh5 Qh6 13. Ne5 Nef6 (13... Nxe5 14. dxe5 Bc7 15. f4 $14) 14. Nxf6+
Nxf6 15. f3 Bd7 16. Qe2 $14 {0-1 Zsinka,L-Tabernig,B/Oberwart op 1996 (42)})
11... Qh6 12. g3 (12. f4 $5 g5 13. Qc1 Rf7 14. Ba3 (14. Nf3 Ndf6 15. fxg5 Nxg5
$132 {0-1 Farago,I-Mencinger,V/Ljubljana 1997/EXP 58/ (67)}) (14. a3 Rg7 15.
Nf3 Ndf6 16. b4 Bd7 17. c5 Bc7 18. a4 $14) 14... Bc7 15. Nf3 Rg7 16. Bb2 Ndf6
17. Ne5 Bd7 18. Nxd7 $1 $14) 12... Ndf6 13. f3 Ng5 (13... Qxe3+ $2 14. Kg2 Nd2
(14... dxc4 15. bxc4 Nd2 16. Bc1 Nxf1 17. Nc2 $18) 15. Bc1 Nxf1 16. Nc2 $3 $18)
14. Qc1 Nf7 {1/2-1/2 Vladimirov,B-Korsunsky,R/St Petersburg ,EXT 1992 (14)})
10... Qe7 11. Rad1 Ndf6 12. Ne5 Bd7 13. f3 Nxc3 14. Bxc3 Be8 15. Qe1 Nd7 16.
Nxd7 Qxd7 17. e4 Bg6 18. e5 Be7 19. f4 $14 {0-1 Moskowitz,J-Polland,D/Boston
1938 (50)}) 10. Ne5 Be8 11. Ne2 Nd7 12. f3 Ng5 13. f4 Ne4 14. c5 Bc7 15. b4 Bh5
16. Qe1 Nxe5 17. dxe5 Bxe2 18. Qxe2 b5 19. a4 a6 $11 {1-0 Hertneck,G-Van Wely,
L/Garmisch rapid 1994 (34)}) (8. Nd2 g5 9. f3 Qc7 10. h3 Nh5 11. Ne2 Ng3 12.
Nxg3 Bxg3 13. e4 Nd7 $13 {1-0 Thorhallsson,T-Arnason,T/Reykjavik Iceland 1990 
(49)}) (8. Bd2 Nbd7 9. Rc1 Re8 10. cxd5 cxd5 11. Nb5 Bb8 12. Qc2 a6 13. Nc7
Bxc7 14. Qxc7 $16 {1-0 Horvath Marian-Majling Karol/Slovakia ch Trencin 1995 
(41)}) (8. cxd5 $6 exd5 $132 {1-0 Granda,J-Disconzi da Silva,R/Mar del Plata
1993 (40)}) (8. c5 Bc7 9. b4 Nbd7 10. Bb2 Ne4 11. a4 Qe8 12. Ne2 $14 {1-0
Bolczek,M-Hinzmann,M/GER-ch U13 Pinneberg 1996/EXT 96ch2 (36)}) (8. Rb1 a5 9.
a3 Qe7 10. Bd2 Ne4 11. Ne2 Nd7 12. b4 $14 {1-0 Pitam,E-Horvath,M/Elista RUS
1998 (43)}) 8... Ne4 (8... a6 9. Bd2 Ne4 10. Ne2 Nd7 11. b4 Qe7 12. Rab1 Rf6
13. Be1 Rh6 14. g3 g5 15. Kg2 g4 16. Nfg1 Ndf6 17. Nf4 Ng5 18. a4 $132 {
0-1 Gupta,M-Sehner,N/BL2W 1993 (40)}) (8... g6 9. b3 Nbd7 10. Bb2 Ne4 11. Ne2
Qe7 12. Rac1 Ndf6 13. Ne5 Bd7 14. f3 Ng5 15. Nf4 $14 {1-0 Arbakov,V-Fleischer,
F/Neckar Open, Deizisau GER 1998 (35)}) 9. Nd2 $6 (9. Ne5 $142 $5 Nd7 10. f4 (
10. f3 Nxc3 11. Qxc3 Bxe5 12. dxe5 Qc7 13. f4 Nc5 14. cxd5 Nxd3 15. Qxd3 exd5
$11 {1/2-1/2 Golombek,H-Letelier,R/Venice 1950 (20)}) 10... Rf6 11. c5 Bc7 12.
b4 Rh6 13. Bxe4 fxe4 14. b5 Nxe5 15. fxe5 Bd7 16. bxc6 bxc6 17. Rb1 $14 {
1/2-1/2 Chmelik,J-Haba,P/Ceske Budejovice ,EXT 1995 (39)}) (9. Ne2 Nd7 10. b3
Ndf6 11. Bb2 Bd7 12. Ne5 Be8 13. f3 Ng5 14. Rac1 Nf7 15. Nf4 Qe7 16. Be2 Nd7
17. Nfd3 Qg5 18. Qd2 Rd8 19. f4 Qe7 $14 {1/2-1/2 Minogina,T-Shumiakina,T/
ch-RUS (women), Elista RUS 1997 (40)}) 9... Nd7 10. a3 Rf6 11. f3 ({White
don't want return N on f3} 11. Nf3 $132) 11... Rh6 12. fxe4 $2 $17 ({White
must close position} 12. f4 g5 13. c5 Bc7 14. b4 $132) 12... Bxh2+ 13. Kf2 fxe4
(13... Qh4+ 14. Ke2 Qg4+ 15. Nf3 dxe4 16. Bxe4 fxe4 17. Qxe4 Qxe4 18. Nxe4 Bc7
$11) 14. Ncxe4 (14. Bxe4 Qh4+ 15. Ke2 dxe4 16. Qxe4 Qg3 17. Qf3 Rf6 18. Qxg3
Bxg3 $11) 14... dxe4 15. Bxe4 Qh4+ 16. Ke2 Nf6 17. Bf3 e5 18. c5 (18. d5 cxd5
19. cxd5 Nh5 20. Kd1 Ng3 21. Re1 Bf5 22. e4 Rc8 {[%csl Rd1,Re4][%cal Gh6b6]}
23. Qd3 Bd7 $15) 18... Be6 19. Nb3 $4 {[%csl Re4,Rf3]} (19. dxe5 Bxe5 $15)
19... Re8 $4 (19... e4 $1 $19 {[%csl Rf3]}) 20. dxe5 Bxe5 21. e4 $2 $19 (21.
Nd2 Bd5 $17 (21... Nh5 $17 {[%csl Re2]})) 21... Rg6 $2 $17 (21... Nh5 $1 22.
Bxh6 (22. Kd1 Rd8+ 23. Bd2 Ng3 24. Re1 Bf4 $19) 22... Ng3+ 23. Ke3 Qxh6+ 24.
Kf2 Qh4 25. Rfd1 Nxe4+ $19) 22. Be3 Nh5 23. Kd2 (23. Rfe1 Ng3+ 24. Kd1 Rf6 $17
{[%csl Rd1]}) 23... Rd8+ 24. Kc1 Ng3 25. Rd1 Rxd1+ 26. Kxd1 Rf6 27. Kd2 (27.
Qd3 Rf7 28. Kc2 Rd7 {[%csl Rd3]} 29. Nd4 Bxd4 30. Bxd4 Nf5 31. exf5 Rxd4 32.
fxe6 Rxd3 33. Kxd3 Qf6 $19) 27... Rf7 $1 (27... Qh2 {[%csl Rf3]} 28. Kd3 Bxb2
29. Rb1 Be5 $17) 28. Bd4 $2 (28. Nd4 $2 Rd7 $19) (28. Rd1 $5 Rd7+ 29. Kc1 Rxd1+
30. Bxd1 Qxe4 31. Qxe4 Nxe4 $17) 28... Qh6+ (28... Bxb3 29. Qxb3 {[%cal Gb3f7]
Now it is without check} Bxd4 $19) 29. Kc3 Qe3+ (29... Bxb3 30. Kxb3 Bxd4 $19)
30. Qd3 Rxf3 31. gxf3 Ne2+ 32. Kc2 Bxb3+ (32... Bxb3+ 33. Qxb3+ Qxb3+ 34. Kxb3
Nxd4+ $19) 0-1

[Event "Linares Anibal op 04th"]
[Site "Linares"]
[Date "1997.??.??"]
[Round "3"]
[White "Fridman, Daniel"]
[Black "Apicella, Manuel"]
[Result "0-1"]
[WhiteElo "2490"]
[BlackElo "2500"]
[Annotator "Tsesarsky,I"]
[PlyCount "54"]
[EventDate "1997.02.??"]
[EventType "swiss"]
[EventRounds "10"]
[EventCountry "ESP"]
[SourceTitle "CBM 058"]
[Source "ChessBase"]
[SourceDate "1997.06.01"]
[SourceVersion "1"]
[SourceVersionDate "1997.06.01"]
[SourceQuality "1"]

1. d4 d5 2. Nf3 e6 3. c4 c6 4. e3 Bd6 5. Nc3 f5 6. Bd3 Nf6 7. Ne5 O-O 8. Qc2 (
8. f4 Ne4 9. O-O Nd7 10. Bd2 Nxd2 11. Qxd2 Nf6 12. Qc2 $14 {1/2-1/2 Bogoljubow,
E-Michel,P/Bad Elster 1937 (48)}) (8. O-O b6 (8... Nbd7 9. f4 Ne4 10. Nxe4 fxe4
(10... dxe4 11. Be2 c5 12. Nxd7 Bxd7 13. b3 Qc7 14. Bb2 Rad8 15. Qc2 cxd4 16.
Bxd4 e5 17. fxe5 Bxe5 18. Bxe5 Qxe5 19. Rad1 Bc6 20. Rxd8 Rxd8 21. Rd1 Rxd1+
22. Qxd1 {1/2-1/2 Kramer,H-Fuderer,A/Beverwijk 1952}) 11. Be2 Nxe5 12. fxe5
Rxf1+ 13. Qxf1 Be7 14. Bd2 Bd7 15. b4 a6 16. a4 Bg5 17. g3 Bh6 18. h4 g5 19.
Qf6 Qxf6 20. exf6 gxh4 21. gxh4 dxc4 22. a5 Rf8 23. Rf1 Be8 24. Bxc4 Bf7 25.
Kh2 Kh8 26. Bb3 Rd8 27. Rf2 Kg8 28. Kh3 Rd6 29. Kg4 Kh8 30. Bc2 Bg6 31. f7 Rd8
32. Bb3 Bf5+ 33. Rxf5 {Uhlmann,W-Backwinkel,P/BL 1995/1-0 (44)}) 9. f4 Ne4 10.
Nxe4 dxe4 11. Be2 Bb7 12. b3 Nd7 13. Nxd7 Qxd7 14. Bb2 Qe7 15. Rc1 Rad8 16. Qc2
c5 17. Rcd1 cxd4 18. exd4 g5 19. Bc1 gxf4 20. Bxf4 Bxf4 21. Rxf4 Rxd4 22. Rxd4
Qc5 23. Rf1 Qxd4+ 24. Kh1 Qg7 25. c5 bxc5 26. Qxc5 f4 27. Bc4 f3 28. Bxe6+ Kh8
29. g3 e3 30. Bh3 f2+ {0-1 Andresen,S-Stangl,M/BL 1993}) 8... Na6 9. a3 $6 (9.
Be2 $142 Bxe5 (9... Qc7 10. f4 b6 11. Qa4 Bb7 12. O-O Nb8 13. b3 a6 14. Ba3 c5
15. Bb2 $132 (15. dxc5 bxc5 16. cxd5 exd5 17. Rac1 Nc6 $15 {[%csl Ra4,Re5]}))
10. dxe5 Nd7 11. f4 Qh4+ 12. g3 Qh3 13. Bf1 Qh6 14. Bg2 Nb6 15. cxd5 Nb4 16.
Qe2 cxd5 17. O-O Bd7 18. b3 $14) 9... Bxe5 10. dxe5 Ng4 11. f4 Nc5 12. Be2 $2 (
12. O-O $2 d4 (12... dxc4 13. Bxc4 Qh4 14. g3 $14 (14. h3 Nxe5 $15)) (12...
Nxd3 $1 13. Qxd3 dxc4 14. Qe2 (14. Qxc4 Qh4 {[%csl Re5,Rh2][%cal Gh4c4]} 15. h3
Nxe5 $17) 14... b5 15. h3 Nh6 16. Rd1 Qe7 $17) 13. Nd1 a5 14. h3 Nxe3 15. Nxe3
dxe3 16. Be2 Qd4 17. Rf3 Qe4 18. Qc3 Rd8 19. Bxe3 $14) (12. cxd5 $8 Nxd3+ 13.
Qxd3 exd5 14. O-O Re8 15. b3 Qh4 16. h3 Nh6 17. Bb2 $132) 12... dxc4 $17 13.
Bxc4 $2 (13. O-O $142 Nb3 14. Ra2 b5 15. h3 Nh6 16. Rd1 Qe7 17. Bf3 (17. a4 Rb8
18. axb5 cxb5 $17) 17... Bb7 18. a4 a6 $17) 13... Nxe5 $19 14. Be2 (14. fxe5
Qh4+ $19 {[%csl Rc4]}) 14... Ned3+ 15. Kf1 a5 16. Na4 (16. Bd2 b6 $19 {[%csl
Yd3][%cal Gc8a6]}) 16... b6 17. Nxc5 Nxc5 18. Rb1 (18. Bd2 Ba6 19. Bxa6 Rxa6
$19) 18... Ba6 19. Bxa6 Rxa6 20. Bd2 Qd5 21. Bc3 Rd8 22. Rg1 Ne4 23. Rc1 Ra7
24. Be1 Rdd7 25. g4 (25. Qe2 Rd6 $19) 25... fxg4 26. Rxg4 Nd2+ $1 27. Kg1 Qf3
0-1

[Event "RUS-Cup03 Geller Memorial"]
[Site "Moscow"]
[Date "1999.02.09"]
[Round "8"]
[White "Shcherbakov, Ruslan"]
[Black "Gavritenkov, Sergei"]
[Result "1-0"]
[WhiteElo "2559"]
[BlackElo "2312"]
[Annotator "Tyomkin,D"]
[PlyCount "59"]
[EventDate "1999.02.10"]
[EventType "swiss"]
[EventRounds "9"]
[EventCountry "RUS"]
[SourceTitle "CBM 070"]
[Source "ChessBase"]
[SourceDate "1999.06.08"]
[SourceVersion "1"]
[SourceVersionDate "1999.06.08"]
[SourceQuality "1"]

1. d4 f5 2. c4 Nf6 3. Nc3 e6 4. Qc2 {White still doesn't decide where to
develope Bc1 and Ng1.In case of black developes by b6 and Bb7 white has a good
setup with f3 developing Ng1 to-e2 or h3 and playing against Bb7.If black puts
Stonewall(d7-d5) white has various possibilities:Bg5,Bf4 or even Nf3,e3 and
Bd3.Qc2 is usefull move everywhere.} Nc6 $6 {Black doesn't find good opening
plan in this game.The very old game of D.Bronshtein(see 4...d5)could be
example how to play with black in this line.} (4... b6 5. Bg5 (5. f3 Bb7 6. e3
Be7 7. Bd3 c5 8. Nge2 Nc6 9. a3 O-O 10. O-O Rc8 11. d5 Ne5 12. e4 a6 13. Bf4
fxe4 14. Bxe4 exd5 15. Nxd5 {1/2-1/2 Yakovich,Y-Gleizerov,E/Moscow Alekhine
mem 1992 (15)}) 5... Bb7 6. f3 Nc6 $6 7. Rd1 h6 8. Bh4 Qe7 9. e3 O-O-O 10. a3
g5 11. Bf2 Kb8 12. Bd3 Qf7 13. Nge2 g4 14. f4 Ne7 15. O-O h5 16. Bh4 $16 {
1-0 Sorokin,M-Grynszpan,M/XXIII COOP, Buenos Aires ARG 1997 (43)}) (4... d5 5.
Bg5 Be7 6. e3 c6 7. Bd3 O-O 8. Nf3 Ne4 9. Bxe7 Qxe7 10. Ne5 Nd7 11. Nxd7 Bxd7
12. O-O-O b5 13. c5 e5 14. dxe5 Nxc5 15. f4 Be6 16. Ne2 Nxd3+ 17. Qxd3 b4 18.
Nd4 Bd7 19. Nb3 Be6 20. Nd4 Bd7 21. Nb3 Be6 {1/2-1/2 Doroshkievich,V-Bronstein,
D/URS-ch43 Erevan 1975 (21)}) 5. Nf3 Be7 6. a3 $146 {Another useful move which
covers b4-square and prepares b2-b4 playing on the queenside.} (6. g3 O-O 7.
Bg2 d5 8. cxd5 Nb4 9. Qb3 Nbxd5 10. O-O c6 11. Bd2 Qb6 12. Qc2 $16 {1-0
Sorokin,M-Torres,S/Najdorf Open, Buenos Aires ARG 1997 (26)}) 6... d5 7. e3 O-O
8. Bd3 {[%cal Gc4d5]} g6 9. O-O Kg7 $2 {White bishop-c1 will take place on b2,
after b2-b4,so black just deteriorates the king!} (9... Bd7 10. b4 $16) 10. b4
$16 {Black pieces developed badly.Nc6 just disturbs black,Bc8 has no good
square on the board.} Bd7 11. Bb2 Rc8 12. Rad1 {[%cal Yf3e5] strengthing idea
Ne5.} Be8 13. Ne2 {[%csl Rd5,Re6][%cal Ge2f4] Typical monouevre in this
structure.Black pawns d5 and e6 become vulnerable.} Ne4 14. Nf4 Rf6 (14... Bf7
15. cxd5 exd5 16. Ne5 $16 {[%cal Gf2f3]}) 15. Nxe6+ $1 {[%mdl 64]} Rxe6 16.
cxd5 Nxb4 $8 (16... Qxd5 17. Bc4 $18) 17. axb4 Rb6 18. Bxe4 fxe4 19. Qxe4 Bxb4
(19... Bd6 20. Bc3 $18) 20. d6 $1 {[%csl Gb2][%cal Gd4d5][%mdl 512] otherwise
black would play Bd6,blocking d-pawns.} Bxd6 21. Ba1 Be7 22. d5+ Bf6 23. Ng5 {
[%cal Gg5e6]} Kg8 (23... Bd7 24. Ne6+ Bxe6 25. dxe6 Rd6 26. Bxf6+ Kxf6 27. Qxb7
$1 Rxd1 28. Qf3+ Kxe6 29. Rxd1 $18 {[%csl Re6]}) 24. h4 $2 (24. Ne6 $142 Qe7
25. Bxf6 Qxf6 26. Nxc7 $1 Bf7 27. d6 Rd8 (27... Rxd6 28. Qxb7 $18) 28. d7 (28.
Nd5 Bxd5 29. Qxd5+ Qf7 $16) 28... Qc6 29. Nd5 Bxd5 30. Rxd5 $18 {[%cal Ge4e7]}
Rb5 31. Qe7 $1) 24... Qe7 25. Bxf6 Qxf6 26. Rc1 $16 {The material is equal,
but white's agavantage is clear:strong pawn center, active pieces with
outposted N-on g5 ahead-all this has white in this position. Black has just
weeknesses and passive pieces everywhere around.} Bb5 $2 (26... Bd7 27. d6 Rxd6
28. Qxb7 $16 {/+-}) 27. Rfd1 Bd7 28. d6 $1 Rb2 (28... c6 29. Qe7 Qg7 30. Ne6
Qf7 (30... Qxe7 31. dxe7 Kf7 32. Rxd7 Kxe6 33. Rd8) 31. Nc5 $18) 29. dxc7 Qxf2+
30. Kh2 (30. Kh2 Qf5 31. Qc4+ $18) 1-0

[Event "POL-ch 57th"]
[Site "Plock"]
[Date "2000.05.08"]
[Round "11"]
[White "Kempinski, Robert"]
[Black "Grabarczyk, Bogdan"]
[Result "1-0"]
[WhiteElo "2528"]
[BlackElo "2394"]
[Annotator "Tyomkin,D"]
[PlyCount "69"]
[EventDate "2000.04.28"]
[EventType "tourn"]
[EventRounds "13"]
[EventCountry "POL"]
[EventCategory "10"]
[SourceTitle "CBM 078"]
[Source "ChessBase"]
[SourceDate "2000.10.18"]
[SourceVersion "1"]
[SourceVersionDate "2000.10.18"]
[SourceQuality "1"]

1. d4 e6 2. c4 f5 3. Nc3 Nf6 4. f3 Bb4 5. Bd2 O-O 6. a3 Bxc3 (6... Be7 7. e4)
7. Bxc3 b6 $146 {New plan in this position, but not successful one-black B
from b7 faces f3-pawn.} (7... d6 8. e3 Qe8 9. Qd2 Nc6 10. Bd3 e5 11. Ne2 $14 {
1-0 Kempinski,R-Gleizerov,E/Stockholm SWE 2000 (35)}) 8. e3 Bb7 9. Qd2 a5 10.
Nh3 a4 11. Bd3 Nc6 12. O-O Na5 13. Rae1 $14 {White prepares the break in the
center.} Nb3 14. Qc2 c5 15. d5 $1 {Black faces serious troubles now.} exd5 16.
cxd5 Bxd5 (16... Nxd5 17. Bxf5 (17. Bc4 $6 Kh8 18. Bxb3 axb3 19. Qxb3 Nxc3 $11)
17... h6 18. Bh7+ Kh8 19. Be4 $16 {[%cal Re4d5,Yc2g6]}) 17. e4 $5 {[%csl Rc3,
Rd3] 17.Bxf5 was good enough, but the move in the game is even stronger. Black
is starting to feel the pawer of two bishops from now.} (17. Bxf5 $16 Be6 18.
Ng5 (18. Bxf6 Bxf5) (18. Bd3) 18... Bxf5 19. Qxf5 $16) 17... Bc6 18. Nf4 b5 19.
e5 Nd5 (19... Ne8 20. Bxf5 $1 (20. e6 Qc7 21. g3 $44) 20... g6 21. Bxg6 Rxf4 (
21... hxg6 22. Qxg6+ Ng7 23. Nh5 $18 {[%cal Gh5f6,Gh5g7]}) 22. Bxh7+ Kh8 23.
e6+ Nd4 24. e7 $18 {[%cal Gc2g6]}) 20. Nxd5 Bxd5 21. Bxf5 $16 b4 {Just a
trap-pawn b4 is tactically protected because of the check from b6.} (21... h6
22. Rd1 Bc6 23. Rfe1 $16 (23. Be6+ $5 $16 {[%cal Gd1g6]})) 22. Bxh7+ Kh8 23.
Bd2 bxa3 24. bxa3 Nxd2 (24... Bxf3 25. Bg6 $18) 25. Qxd2 $18 Bxf3 (25... Kxh7
26. Qxd5 $18) 26. Bb1 {[%cal Gd2c2][%mdl 128] White easily gets mating attack.}
Bh5 27. Rxf8+ Qxf8 28. Qg5 Qe8 (28... g6 29. g4 $18) 29. Qf5 g6 30. Qf6+ Kg8 (
30... Kh7 31. g4 Bxg4 32. Qh4+ Bh5 33. Qxh5+ $18) 31. Ba2+ Kh7 {[%tqu "En",
"Time to finish the game!","","","g2g4","That is the final blow.",10]} 32. g4
$1 {[%mdl 128] That is the final blow.} Bxg4 {[%tqu "En","","","","a2f7","",5]}
33. Bf7 Qf8 34. Qxg6+ Kh8 35. Re4 1-0

[Event "ARM-ch"]
[Site "Yerevan"]
[Date "2001.09.18"]
[Round "6"]
[White "Lputian, Smbat G"]
[Black "Sargissian, Gabriel"]
[Result "1-0"]
[WhiteElo "2608"]
[BlackElo "2514"]
[Annotator "Tyomkin,D"]
[PlyCount "43"]
[EventDate "2001.09.13"]
[EventType "tourn"]
[EventRounds "10"]
[EventCountry "ARM"]
[EventCategory "11"]
[SourceTitle "CBM 086"]
[Source "ChessBase"]
[SourceDate "2002.02.05"]
[SourceVersion "1"]
[SourceVersionDate "2002.02.05"]
[SourceQuality "1"]

1. d4 e6 2. c4 f5 3. Nc3 Nf6 4. Bg5 Be7 5. e3 O-O 6. Bd3 (6. Nf3 {is an
alternative, but Bf1 will be developed to d3 anyhow;}) {Here black has large
choice of moves and setups:} 6... c6 {Trying to build up StoneWall pawn chain
by d7-d5; There were few games in this position played at the beginning of the
previous century:} (6... b6 7. Nf3 (7. Qf3 Nc6 8. Nge2 Bb7 9. Qh3 Nb4 10. Bb1
Ne4 (10... c5 $142 11. a3 $140 Nc6) 11. Bxe7 Qxe7 12. a3 $14 {1-0 Tosic,
M-Notaros,K/Igalo 1994/EXT 2000 (47)}) 7... Bb7 8. Qc2 (8. O-O Ne4 $6 9. Bxe7
Qxe7 10. Bxe4 fxe4 11. Nd2 Qh4 12. Ncxe4 $16 {1/2-1/2 Marshall,F-Tartakower,S/
New York 1924/HCL (37)}) 8... h6 9. Bxf6 Bxf6 10. e4 (10. a3) 10... Nc6 11. e5
Nb4 12. Qd2 Nxd3+ 13. Qxd3 Be7 14. d5 $1 $14 {0-1 Tartakower,S-Strobl,O/Vienna
1921/EXT 99/[ChessBase] (40)}) (6... d6 7. Qc2 (7. Nf3 Qe8 8. Qc2 Nbd7 9. O-O-O
a6 10. Rhe1 {[%cal Ge3e4]} d5 $2 11. cxd5 Nxd5 12. Nxd5 exd5 13. Bxf5 $18 {
1-0 Komljenovic,D-Crespo Revilla,J/Olot 1992/TD (19)}) 7... g6 8. Nf3 Nc6 9. a3
e5 10. dxe5 dxe5 11. O-O-O Bd7 12. c5 $14 {1-0 Bogoljubow,E-Tartakower,S/
Gothenburg 1920/HCL (43)}) (6... d5 $6 7. cxd5 exd5 8. Nf3 (8. Qc2 $1 {[%csl
Rf5][%cal Gg5f6,Yc3d5,Yd3c4] with threats: Bxf5 and also Bxf6 then Nd5
following by Bc4;}) 8... c6 9. Ne5 Ne4 10. Bxe7 Qxe7 {1/2-1/2 Barlov,D-Garcia
Padron,J/Las Palmas 1993/EXT 97 (10)}) 7. Nge2 d5 8. f3 $14 Nbd7 $2 {After the
following move of white, black has troubles with e6-pawn;} (8... dxc4 9. Bxc4
Nd5 10. Bxe7 Qxe7 11. Qd2 $14) 9. Nf4 {[%csl Re6]} Kf7 (9... Nb8 {is another
way to protect e6, but an ideotic one!}) (9... Nb6 10. c5 Nc4 11. Bxc4 dxc4 12.
Bxf6 {[%csl Rc4][%cal Gd1e2] just winning c4 pawn;}) 10. cxd5 (10. O-O $16 {
[%cal Gd1b3,Rb3f7] was simple way to keep clear advantage;}) 10... cxd5 $6 (
10... Nxd5 11. Bxe7 (11. h4 $5) 11... Qxe7 12. Ncxd5 exd5 13. Kf2 {[%cal Gd1c2]
}) 11. g4 $5 (11. O-O $16 {[%cal Ga1c1]}) 11... fxg4 (11... g6 12. gxf5 gxf5 (
12... exf5 13. Qb3 $1 {[%csl Rd5]}) 13. Qb3 $16 {[%csl Rf7][%cal Ge1c1]}) 12.
Qc2 $1 {[%csl Rg6,Rh7][%mdl 128] White has got targets over c2-h7 diagonal;} e5
$1 {Only way to keep fighting;} (12... gxf3 13. Bg6+ (13. Bxh7 $16 {[%csl Re6,
Rf7,Rg6]}) 13... Kg8 14. Nxe6 Qa5 15. Nxf8 Bxf8 16. Bd3 $16 {[%cal Ge1c1]}) 13.
Nfxd5 (13. Bg6+ Kg8 14. Ne6 Qb6 15. Nxf8 Bxf8 $132) 13... g6 $2 {It leads to
the immediate loss of material; There was way for black to repulse white's
attack- the final position of the line mentioned below is very sharp and
without clear advantage of any side;} (13... Nxd5 14. Bxh7 {[%cal Rc2g6]} Rh8
$1 {[%cal Yf7f8] That was the main defensive idea for black- to clear f8 spot
for black king;} (14... N7f6 15. Qg6+ Ke6 16. dxe5 Nxc3 17. exf6 $18 {[%cal
Gb2c3]}) (14... Ke6 15. Qg6+ Bf6 $8 16. Nxd5 Kxd5 17. O-O-O Ke6 18. fxg4 {
white has two pawns for a piece and strong attack;}) 15. Nxd5 (15. Qg6+ Kf8 16.
Bh6 Bh4+ 17. Kd2 Bf6 18. Nxd5 Qa5+ 19. Nc3 exd4) 15... Bxg5 16. Bg6+ Kf8 17.
Nc7 {[%cal Rc7e6,Rc7a8]} (17. O-O g3 $1 {keeping f-file closed;}) 17... Nb6 18.
Nxa8 Nxa8 19. Qc5+ Be7 20. Qxe5 {with mutual chances;}) 14. Nxe7 $18 exd4 (
14... Qxe7 15. Nd5 Qd6 16. Nc7 (16. Qc7 $18) 16... Rb8 17. Bc4+ Ke7 18. Nd5+
Ke8 19. dxe5 Nxe5 (19... Qxe5 20. Bf4 $18 {[%csl Rb8]}) 20. O-O-O $18) 15. Ncd5
$1 {[%cal Rd3g6][%mdl 128] 15.Nxc8 could leave white with a piece up, but
Lputian goes on with attack to the black king;} (15. Nxc8 $18) 15... Nxd5 {
[%tqu "En","How to continue the attack?","","","d3g6","",5]} 16. Bxg6+ $1 {
[%mdl 128]} Kg7 (16... Ke6 17. Qe4+ Ne5 18. exd4 Nxe7 19. Qxe5+ Kd7 20. Rc1 $18
{[%csl Yc7][%cal Gg5e7]}) 17. Nf5+ {[%csl Rd8] winning black queen;} Rxf5 18.
Bxd8 hxg6 {Black has pair of knights only for the queen of white;} (18... Nxe3
19. Bxf5 Nxc2+ 20. Bxc2 {and white is up a rook;}) 19. e4 Ne3 20. Qa4 {[%csl
Rd4,Rf5]} Rxf3 21. Qxd4+ Kh7 22. Rc1 {[%cal Gc1c7,Rc7c8] and white wins some
material more;} 1-0